[Event "World Teams 2013"]
[Site "Antalya TUR"]
[Date "2013.12.02"]
[Round "6.2"]
[White "Mamedov, Rauf"]
[Black "Nakamura, Hikaru"]
[Result "1/2-1/2"]
[WhiteTitle "GM"]
[BlackTitle "GM"]
[WhiteElo "2647"]
[BlackElo "2786"]
[WhiteTeam "Azerbaijan"]
[BlackTeam "USA"]
[WhiteFideId "13401653"]
[BlackFideId "2016192"]
[EventDate "2013.11.26"]

1. e4 c5 2. Nf3 Nc6 3. d4 cxd4 4. Nxd4 Nf6 5. Nc3 e5 6. Ndb5 d6 7. Bg5 a6 8. Na3
b5 9. Bxf6 gxf6 10. Nd5 Bg7 11. c3 f5 12. exf5 Bxf5 13. Nc2 Be6 14. Nce3 Ne7 15.
a4 O-O 16. Be2 Nxd5 17. Nxd5 e4 18. axb5 axb5 19. Rxa8 Qxa8 20. Nb4 d5 21. O-O
Qa7 22. Qd2 d4 23. cxd4 Qxd4 24. Qxd4 Bxd4 25. Nc2 Bxb2 26. Bxb5 Rc8 27. Ne3 f5
28. g3 Rc5 29. Be2 Kf7 30. Rb1 Rc1+ 31. Rxc1 Bxc1 32. Bf1 Kf6 33. Bh3 Ba3 34.
Kf1 Bc5 35. Kg2 Bd7 36. Kf1 h6 37. Kg1 Be6 38. Kg2 h5 39. Kg1 Ke5 40. Kg2 Bd7
41. Nc4+ Kf6 42. Ne3 Bc6 43. Kg1 Bd7 44. Kg2 Ba7 45. Kg1 Be6 46. Kg2 Ke5 47. Kg1
Bd4 48. Kg2 Bc5 49. Kg1 Bf7 50. Ng2 Be7 51. Ne3 Bc5 52. Bf1 f4 53. gxf4+ Kxf4
54. Bc4 Be8 55. Ng2+ Ke5 56. Be2 Be7 57. Ne3 Bg5 58. Kg2 Bg6 59. Nf1 Be8 60. Ne3
h4 61. Kh3 Bd7+ 62. Kg2 Kd4 63. Bg4 Bc6 64. Nf5+ Ke5 65. Kh3 Bd7 66. Ne3 Bb5 67.
Kg2 Ba6 68. Kh3 Bd8 69. Kg2 Kf4 70. Bd1 Bb5 71. Bc2 Ba5 72. Nd5+ Ke5 73. Ne3 Be1
74. h3 Bc6 75. Kf1 Bb4 76. Ng4+ Ke6 77. Ne3 Be7 78. Bd1 Ke5 79. Be2 Bg5 80. Ng4+
Kd4 81. Ba6 Bd7 82. Ke2 Ba4 83. Kf1 Kc3 84. Bb7 Bb5+ 85. Kg2 Kd4 86. Ba8 Bd3 87.
Bb7 Kc3 88. Ne5 Bc2 89. Ba8 Be7 90. Ng4 Kd2 91. Ne3 Bd3 92. Nf5 Bc5 93. Nxh4 Ke2
94. Ng6 Bc2 95. Nf4+ Ke1 96. h4 Bxf2 97. h5 Bd4 98. h6 Kd2 99. Bb7 Be5 100. Ng6
Bf6 101. Nf4 e3 102. Bf3 Bg5 103. Ne2 Bd3 104. Ng3 Kc3 105. Be4 e2 106. Nxe2+
Bxe2 107. h7 Bf6 108. Kh1 Bh8 109. Kg2 Kd4 110. Bf3 Bxf3+ 111. Kxf3 Ke5 112. Kg4
Kf6 113. Kf3 Kg7 114. Kg2 Kxh7 1/2-1/2

[Event "World Teams 2013"]
[Site "Antalya TUR"]
[Date "2013.12.02"]
[Round "6.2"]
[White "Kamsky, Gata"]
[Black "Safarli, Eltaj"]
[Result "1/2-1/2"]
[WhiteTitle "GM"]
[BlackTitle "GM"]
[WhiteElo "2721"]
[BlackElo "2653"]
[WhiteTeam "USA"]
[BlackTeam "Azerbaijan"]
[WhiteFideId "2000024"]
[BlackFideId "13402129"]
[EventDate "2013.11.26"]

1. e4 c5 2. Nf3 d6 3. d4 cxd4 4. Nxd4 Nf6 5. Nc3 a6 6. Be3 e5 7. Nf3 Be7 8. Bc4
O-O 9. O-O Qc7 10. Bb3 Be6 11. Qe2 Rc8 12. Rfd1 Nbd7 13. Ne1 h6 14. Nd3 Nb6 15.
f4 Nc4 16. f5 Bd7 17. Rf1 b5 18. Kh1 a5 19. a3 Qb7 20. Rae1 Bc6 21. Bc1 b4 22.
Nd5 Bxd5 23. exd5 bxa3 24. bxa3 a4 25. Ba2 Nxd5 26. Bxc4 Rxc4 27. Nxe5 Rc7 28.
Ng4 h5 29. Ne3 Nf6 30. c4 Rb8 31. Rd1 Qe4 32. Rfe1 Rb3 33. Qf2 Rd3 34. Rxd3 Qxd3
35. Bb2 Rb7 36. Qe2 Qxe2 37. Rxe2 d5 38. g3 Rb3 39. Bxf6 Bxf6 40. Nxd5 Rxa3 41.
c5 Ra1+ 42. Kg2 Rc1 43. Re8+ Kh7 44. Nxf6+ gxf6 45. Ra8 Rxc5 46. Rxa4 Rxf5 47.
g4 1/2-1/2

[Event "World Teams 2013"]
[Site "Antalya TUR"]
[Date "2013.12.02"]
[Round "6.2"]
[White "Mamedov, Nidjat"]
[Black "Onischuk, Alexander"]
[Result "1/2-1/2"]
[WhiteTitle "GM"]
[BlackTitle "GM"]
[WhiteElo "2616"]
[BlackElo "2672"]
[WhiteTeam "Azerbaijan"]
[BlackTeam "USA"]
[WhiteFideId "13400819"]
[BlackFideId "14101025"]
[EventDate "2013.11.26"]

1. e4 e5 2. Nf3 Nc6 3. Bb5 a6 4. Ba4 Nf6 5. O-O Be7 6. d3 b5 7. Bb3 d6 8. c3 O-O
9. Nbd2 Na5 10. Bc2 c5 11. Re1 Nc6 12. Nf1 h6 13. h3 Be6 14. Ne3 Re8 15. Bb3 Bf8
16. Nh2 d5 17. Nhg4 Nxg4 18. hxg4 d4 19. Nd5 Na5 20. c4 Bxd5 21. cxd5 Nb7 22.
Bd2 Nd6 23. Rc1 Rc8 24. Qe2 Qb6 25. g5 hxg5 26. Bxg5 Be7 27. Bd2 g6 28. a3 Kg7
29. Ba2 Rh8 30. g3 Rh5 31. Kg2 Rch8 32. Rh1 Rxh1 33. Rxh1 Rxh1 34. Kxh1 a5 35.
Kg2 a4 36. f4 Bf6 37. fxe5 Bxe5 38. Bf4 Bxf4 39. gxf4 b4 40. Bc4 bxa3 41. bxa3
Qb1 42. f5 Nxc4 43. dxc4 d3 44. Qf2 Qc2 45. fxg6 f5 46. exf5 d2 47. f6+ Kxg6 48.
Qg3+ Kxf6 49. Qd6+ Kg5 50. Qg3+ Kh6 51. Qf4+ Kg6 1/2-1/2

[Event "World Teams 2013"]
[Site "Antalya TUR"]
[Date "2013.12.02"]
[Round "6.2"]
[White "Robson, Ray"]
[Black "Guseinov, Gadir"]
[Result "1-0"]
[WhiteTitle "GM"]
[BlackTitle "GM"]
[WhiteElo "2613"]
[BlackElo "2607"]
[WhiteTeam "USA"]
[BlackTeam "Azerbaijan"]
[WhiteFideId "2023970"]
[BlackFideId "13401378"]
[EventDate "2013.11.26"]

1. e4 c5 2. Nf3 Nc6 3. Bb5 d6 4. O-O Bd7 5. Re1 Nf6 6. c3 a6 7. Bf1 Bg4 8. h3
Bxf3 9. Qxf3 e6 10. d3 Be7 11. Nd2 O-O 12. Qe2 b5 13. a3 Nd7 14. f4 d5 15. e5
Bh4 16. Rd1 f6 17. exf6 Qxf6 18. Qg4 h5 19. Qxh5 Bg3 20. d4 c4 21. Nxc4 bxc4 22.
Qg4 Qh4 23. Qxe6+ Kh8 24. Qxd7 Na5 25. Qxd5 Nb3 26. Rb1 Nxc1 27. Rbxc1 Bxf4 28.
Bxc4 Rad8 29. Qa5 Rc8 30. Bd3 Bc7 31. Qd5 g6 32. Bxg6 Kg7 33. Qh5 Qf2+ 34. Kh1
Rh8 35. Qg4 Rh4 36. Qd7+ Kxg6 37. Rf1 Rxh3+ 38. Qxh3 1-0

[Event "World Teams 2013"]
[Site "Antalya TUR"]
[Date "2013.12.02"]
[Round "6.3"]
[White "Meier, Georg"]
[Black "Aronian, Levon"]
[Result "1/2-1/2"]
[WhiteTitle "GM"]
[BlackTitle "GM"]
[WhiteElo "2623"]
[BlackElo "2801"]
[WhiteTeam "Germany"]
[BlackTeam "Armenia"]
[WhiteFideId "4675789"]
[BlackFideId "13300474"]
[EventDate "2013.11.26"]

1. Nf3 d5 2. d4 c6 3. c4 e6 4. e3 Bd6 5. Bd3 f5 6. O-O Nh6 7. Ne5 O-O 8. f4 Nd7
9. Nc3 Nf6 10. Bd2 Bd7 11. Rc1 Be8 12. a3 Bh5 13. Qe1 Kh8 14. Ne2 a5 15. Ng3 Be8
16. b4 a4 17. c5 Be7 18. Nh1 Ne4 19. Nf2 Bh4 20. g3 Bf6 21. Be2 Nxf2 22. Rxf2 g5
23. fxg5 Bxg5 24. h4 Bf6 25. e4 Nf7 26. exf5 Nxe5 27. dxe5 Bxe5 28. fxe6 Bg6 29.
Bd3 Qc7 30. Bxg6 Bd4 31. Bf7 Qxg3+ 32. Kf1 Rg8 33. Bg5 h6 34. Rd1 Rxg5 35. hxg5
Qh3+ 36. Ke2 Qe3+ 37. Kf1 Qh3+ 38. Ke2 Qe3+ 39. Kf1 1/2-1/2

[Event "World Teams 2013"]
[Site "Antalya TUR"]
[Date "2013.12.02"]
[Round "6.3"]
[White "Movsesian, Sergei"]
[Black "Fridman, Daniel"]
[Result "0-1"]
[WhiteTitle "GM"]
[BlackTitle "GM"]
[WhiteElo "2700"]
[BlackElo "2600"]
[WhiteTeam "Armenia"]
[BlackTeam "Germany"]
[WhiteFideId "310204"]
[BlackFideId "11600454"]
[EventDate "2013.11.26"]

1. e4 e5 2. Bc4 Nf6 3. d3 c6 4. Qe2 d5 5. Bb3 Bd6 6. Nf3 O-O 7. O-O Nbd7 8. Bg5
dxe4 9. dxe4 Nc5 10. Nbd2 h6 11. Bh4 Qe7 12. Rfd1 a5 13. a4 Nxb3 14. Nxb3 Rd8
15. Nfd2 Be6 16. f3 Bc7 17. Kh1 Kh7 18. Be1 Nd7 19. Nc4 b6 20. Nbd2 Nc5 21. Bf2
Nxa4 22. Rxa4 b5 23. Nxa5 Rxa5 24. Rxa5 Bxa5 25. c3 Qd6 26. Be1 b4 27. c4 Qd4
28. b3 Bb6 29. Qf1 Qb2 30. Bf2 Bxf2 31. Qxf2 Qxb3 32. Nxb3 Rxd1+ 33. Qg1 Rxg1+
34. Kxg1 Bxc4 35. Na5 Be6 0-1

[Event "World Teams 2013"]
[Site "Antalya TUR"]
[Date "2013.12.02"]
[Round "6.3"]
[White "Naiditsch, Arkadij"]
[Black "Akopian, Vladimir"]
[Result "1-0"]
[WhiteTitle "GM"]
[BlackTitle "GM"]
[WhiteElo "2727"]
[BlackElo "2681"]
[WhiteTeam "Germany"]
[BlackTeam "Armenia"]
[WhiteFideId "4650891"]
[BlackFideId "13300032"]
[EventDate "2013.11.26"]

1. e4 e5 2. Nf3 Nc6 3. Bb5 Nf6 4. O-O Nxe4 5. Qe2 Nd6 6. Bxc6 dxc6 7. Qxe5+ Qe7
8. Qa5 Qd8 9. Qc3 Be6 10. Re1 Qd7 11. Ng5 O-O-O 12. Nxe6 fxe6 13. d3 Be7 14. Nd2
Bf6 15. Qb3 Nf5 16. Ne4 Be7 17. Bd2 Qd5 18. Bc3 Rhe8 19. Re2 b5 20. Ng3 Nxg3 21.
hxg3 Bf6 22. Bxf6 gxf6 23. Qc3 e5 24. a4 a6 25. axb5 axb5 26. Ra7 Kd7 27. Qa5
Rc8 28. Re4 Re7 29. Qd2 Rg8 30. c4 Qd6 31. Rh4 e4 32. cxb5 cxb5 33. Qa5 Rg5 34.
dxe4 Rc5 35. Kh2 Qd3 36. Qe1 Rc2 37. Ra1 Qe2 38. Qb4 Qxf2 39. Qxb5+ c6 40. Qb7+
Ke6 41. Qc8+ Kd6 42. e5+ Kxe5 43. Rh5+ f5 44. Ra5+ Ke4 45. Rh4+ Ke3 46. Ra3+ Ke2
47. Qa6+ Ke1 48. Ra1+ Kd2 49. Qa5+ 1-0

[Event "World Teams 2013"]
[Site "Antalya TUR"]
[Date "2013.12.02"]
[Round "6.3"]
[White "Sargissian, Gabriel"]
[Black "Baramidze, David"]
[Result "1/2-1/2"]
[WhiteTitle "GM"]
[BlackTitle "GM"]
[WhiteElo "2676"]
[BlackElo "2614"]
[WhiteTeam "Armenia"]
[BlackTeam "Germany"]
[WhiteFideId "13300881"]
[BlackFideId "4667719"]
[EventDate "2013.11.26"]

1. d4 d5 2. c4 e6 3. Nf3 Nf6 4. Nc3 Be7 5. Bg5 h6 6. Bxf6 Bxf6 7. e3 c6 8. Rc1
O-O 9. Bd3 Nd7 10. O-O dxc4 11. Bxc4 e5 12. d5 Nb6 13. b3 cxd5 14. Bxd5 Qe7 15.
Qc2 Bg4 16. Qe4 Bxf3 17. Qxf3 Rac8 18. Be4 Rc7 19. Ne2 Rfc8 20. Rcd1 a5 21. a4
Kf8 22. g4 Rd8 23. Ng3 Rxd1 24. Rxd1 g6 25. Kg2 Kg7 26. Rd3 Bh4 27. Qd1 Bxg3 28.
hxg3 Qb4 29. Bd5 Nxd5 30. Rxd5 Rc1 31. Qxc1 Qe4+ 32. f3 Qxd5 33. Qc3 Kg8 34. e4
Qd1 35. Kf2 b6 36. Qc8+ Kg7 37. Qc3 Kg8 38. Qc8+ Kg7 39. Qc3 1/2-1/2

[Event "World Teams 2013"]
[Site "Antalya TUR"]
[Date "2013.12.02"]
[Round "6.4"]
[White "Ipatov, Alexander"]
[Black "Kramnik, Vladimir"]
[Result "0-1"]
[WhiteTitle "GM"]
[BlackTitle "GM"]
[WhiteElo "2630"]
[BlackElo "2793"]
[WhiteTeam "Turkey"]
[BlackTeam "Russia"]
[WhiteFideId "14116731"]
[BlackFideId "4101588"]
[EventDate "2013.11.26"]

1. d4 Nf6 2. Nf3 e6 3. Bg5 h6 4. Bh4 d6 5. e3 g5 6. Bg3 Nh5 7. Bd3 Bg7 8. Nbd2
Qe7 9. c3 Nd7 10. Qc2 a6 11. O-O-O b5 12. Nb3 Rb8 13. Kb1 O-O 14. Nfd2 f5 15. f3
Nxg3 16. hxg3 c5 17. Na5 Rb6 18. f4 d5 19. b4 c4 20. Be2 Nf6 21. Rdf1 Bd7 22.
Qd1 g4 23. Kb2 Rf7 24. Qc1 Bf8 25. Kc2 Rh7 26. Rh2 Be8 27. Rfh1 Nd7 28. Qb2 h5
29. Kc1 e5 30. dxe5 Nxe5 31. fxe5 Qxe5 32. Nf1 Bg7 33. a3 Qxc3+ 34. Qxc3 Bxc3
35. Bd1 Re6 36. Bc2 Bg6 37. Nd2 Rxe3 38. Rd1 Bf6 39. Rhh1 d4 40. Rde1 Rhe7 41.
Rxe3 Rxe3 0-1

[Event "World Teams 2013"]
[Site "Antalya TUR"]
[Date "2013.12.02"]
[Round "6.4"]
[White "Karjakin, Sergey"]
[Black "Solak, Dragan"]
[Result "1/2-1/2"]
[WhiteTitle "GM"]
[BlackTitle "GM"]
[WhiteElo "2756"]
[BlackElo "2618"]
[WhiteTeam "Russia"]
[BlackTeam "Turkey"]
[WhiteFideId "14109603"]
[BlackFideId "916811"]
[EventDate "2013.11.26"]

1. d4 d5 2. c4 c6 3. Nc3 Nf6 4. e3 a6 5. Nf3 b5 6. b3 Bg4 7. a4 bxc4 8. bxc4 e6
9. c5 Nbd7 10. a5 e5 11. Qa4 Bxf3 12. gxf3 Qc7 13. Bh3 Be7 14. O-O O-O 15. Na2
Rfb8 16. Nb4 Rb5 17. Rd1 Nf8 18. dxe5 N6d7 19. Nd3 Nxe5 20. Nxe5 Qxe5 21. Bf1
Ne6 22. Ba3 Nxc5 23. Qg4 h5 24. Qg3 Qxg3+ 25. hxg3 Rxa5 26. Bxc5 Rxc5 27. Rxa6
Rxa6 28. Bxa6 Kf8 29. f4 Ke8 30. Kg2 Ra5 31. Be2 g6 32. f5 h4 33. fxg6 fxg6 34.
gxh4 Bxh4 35. f4 Bf6 36. Kf3 g5 37. fxg5 Bxg5 38. e4 Bf6 39. exd5 cxd5 40. Kf4
Ke7 41. Bf3 d4 42. Ke4 Kd6 43. Rxd4+ Bxd4 44. Kxd4 Ra4+ 45. Ke3 Ra3+ 46. Ke4
Rxf3 47. Kxf3 1/2-1/2

[Event "World Teams 2013"]
[Site "Antalya TUR"]
[Date "2013.12.02"]
[Round "6.4"]
[White "Yilmaz, Mustafa"]
[Black "Nepomniachtchi, Ian"]
[Result "0-1"]
[WhiteTitle "GM"]
[BlackTitle "GM"]
[WhiteElo "2577"]
[BlackElo "2721"]
[WhiteTeam "Turkey"]
[BlackTeam "Russia"]
[WhiteFideId "6302718"]
[BlackFideId "4168119"]
[EventDate "2013.11.26"]

1. Nf3 Nf6 2. c4 c5 3. Nc3 Nc6 4. g3 d5 5. cxd5 Nxd5 6. Bg2 Nc7 7. d3 e5 8. Nd2
Be7 9. Nc4 f6 10. Bxc6+ bxc6 11. Qa4 Qd7 12. O-O Ne6 13. Na5 Nd4 14. Be3 Rb8 15.
Bxd4 cxd4 16. Nd1 Rb6 17. Rc1 Ra6 18. b4 c5 19. Qc2 Qb5 20. Re1 Qxb4 0-1

[Event "World Teams 2013"]
[Site "Antalya TUR"]
[Date "2013.12.02"]
[Round "6.4"]
[White "Vitiugov, Nikita"]
[Black "Esen, Baris"]
[Result "1/2-1/2"]
[WhiteTitle "GM"]
[BlackTitle "GM"]
[WhiteElo "2741"]
[BlackElo "2565"]
[WhiteTeam "Russia"]
[BlackTeam "Turkey"]
[WhiteFideId "4152956"]
[BlackFideId "6302114"]
[EventDate "2013.11.26"]

1. c4 e5 2. Nc3 Bb4 3. Nd5 Bc5 4. e3 Nf6 5. Ne2 O-O 6. g3 Nxd5 7. cxd5 d6 8. Bg2
Bg4 9. O-O f5 10. b3 Nd7 11. Bb2 Bb6 12. Kh1 Qe7 13. d3 Bh5 14. Qd2 Nf6 15. Rae1
Rae8 16. Nc3 e4 17. Na4 Qf7 18. Bxf6 Qxf6 19. Rc1 Qf7 20. dxe4 fxe4 21. Rc4 Bf3
22. Bxf3 Qxf3+ 23. Kg1 h5 24. Qd1 Qf5 25. Nxb6 cxb6 26. Kg2 Re5 27. Rd4 Qg5 28.
h4 Qe7 29. Qc2 Qf7 30. Qe2 Qe7 31. Qc2 Qf6 32. Qe2 Qe7 1/2-1/2

[Event "World Teams 2013"]
[Site "Antalya TUR"]
[Date "2013.12.02"]
[Round "6.5"]
[White "Giri, Anish"]
[Black "Ivanchuk, Vassily"]
[Result "1/2-1/2"]
[WhiteTitle "GM"]
[BlackTitle "GM"]
[WhiteElo "2732"]
[BlackElo "2731"]
[WhiteTeam "Netherlands"]
[BlackTeam "Ukraine"]
[WhiteFideId "24116068"]
[BlackFideId "14100010"]
[EventDate "2013.11.26"]

1. Nf3 Nf6 2. g3 g6 3. Bg2 Bg7 4. d4 O-O 5. c4 d6 6. O-O Nbd7 7. Nc3 e5 8. e4 a6
9. a4 a5 10. h3 Re8 11. Be3 b6 12. Qc2 Bb7 13. dxe5 dxe5 14. Rad1 Qb8 15. Nd5
Nc5 16. Nxf6+ Bxf6 17. Bxc5 bxc5 18. h4 Bc8 19. Rd3 Ra6 20. Kh2 Rb6 21. b3 Bg4
22. Bh3 Bxf3 23. Rxf3 Rd8 24. Rd1 Rxd1 25. Qxd1 Rd6 26. Rd3 Rd4 27. Bf1 h5 28.
Rxd4 cxd4 29. c5 Qb4 30. Qf3 Kg7 31. c6 Qc3 32. Qxc3 dxc3 33. Bd3 Be7 34. Kg2
Bc5 35. Kf1 Kf6 36. Ke2 Ke7 37. f3 f6 38. Bc2 Kd6 39. Kd3 Bf2 40. g4 Bxh4 41.
gxh5 gxh5 42. Kxc3 Kc5 43. Bd1 Be1+ 44. Kd3 h4 45. Be2 h3 46. Bf1 h2 47. Bg2 Bg3
48. Bh1 Kxc6 49. Kc4 Kd6 50. Bg2 Be1 51. Bh1 Ke6 52. Kd3 Kf7 53. Ke2 Bg3 54. Kd3
Kg6 55. Kc4 Be1 56. Kd3 Kg5 57. Ke2 Bb4 58. Kd3 Kf4 59. Ke2 Bc5 60. Kd3 Bd4 61.
Ke2 c5 62. Kd3 c4+ 63. bxc4 Bc5 64. Ke2 Kg5 65. Kf1 Kg6 66. Kg2 Bg1 67. c5 Kf7
68. Kf1 Ke6 69. Ke2 Kd7 70. Kd3 Kc6 71. Kc4 Bxc5 72. Bg2 Bb6 73. Bh1 Kd6 74. Bg2 1/2-1/2

[Event "World Teams 2013"]
[Site "Antalya TUR"]
[Date "2013.12.02"]
[Round "6.5"]
[White "Korobov, Anton"]
[Black "Van Wely, Loek"]
[Result "0-1"]
[WhiteTitle "GM"]
[BlackTitle "GM"]
[WhiteElo "2713"]
[BlackElo "2678"]
[WhiteTeam "Ukraine"]
[BlackTeam "Netherlands"]
[WhiteFideId "14105730"]
[BlackFideId "1000268"]
[EventDate "2013.11.26"]

1. d4 Nf6 2. c4 e6 3. Nf3 d5 4. Nc3 dxc4 5. e3 a6 6. Bxc4 b5 7. Bb3 Bb7 8. O-O
c5 9. e4 cxd4 10. Nxd4 Nc6 11. Be3 Be7 12. Nxc6 Bxc6 13. f3 Qb8 14. Rc1 O-O 15.
Ne2 Bb7 16. Bf4 e5 17. Be3 a5 18. Ng3 g6 19. Qe2 a4 20. Bc2 Bc8 21. Bd3 Bd7 22.
Rfd1 Rd8 23. Nf1 Nh5 24. g3 Ng7 25. f4 Ne6 26. f5 Nd4 27. Qf2 Be8 28. h4 Ra6 29.
Nh2 Rad6 30. Ng4 Nxf5 31. exf5 Rxd3 32. Rf1 e4 33. Nh6+ Kh8 34. fxg6 hxg6 35. h5
Rxe3 36. Qxe3 Rd3 37. Qf4 Rxg3+ 38. Kh1 Qxf4 39. Rxf4 Bg5 40. Nxf7+ Bxf7 0-1

[Event "World Teams 2013"]
[Site "Antalya TUR"]
[Date "2013.12.02"]
[Round "6.5"]
[White "Sokolov, Ivan"]
[Black "Kryvoruchko, Yuriy"]
[Result "1/2-1/2"]
[WhiteTitle "GM"]
[BlackTitle "GM"]
[WhiteElo "2625"]
[BlackElo "2701"]
[WhiteTeam "Netherlands"]
[BlackTeam "Ukraine"]
[WhiteFideId "14400030"]
[BlackFideId "14109182"]
[EventDate "2013.11.26"]

1. d4 Nf6 2. c4 e6 3. Nc3 Bb4 4. e3 O-O 5. Ne2 Re8 6. a3 Bf8 7. g3 d5 8. Bg2
dxc4 9. Qa4 Nbd7 10. Qxc4 e5 11. O-O e4 12. Qb3 Nb6 13. Qc2 Bf5 14. h3 h5 15. f3
exf3 16. Qxf5 fxg2 17. Kxg2 Nc4 18. Qf3 Qe7 19. Nd5 Nxd5 20. Qxd5 Qe4+ 21. Qxe4
Rxe4 22. Rf3 Rae8 23. Kf2 Nd6 24. Bd2 Nc4 25. Bc1 c6 26. Nc3 R4e6 27. Ke2 g6 28.
Kd3 Nd6 29. Bd2 f5 30. Rg1 Ne4 31. g4 fxg4 32. hxg4 Ng5 33. Rff1 h4 34. Rh1 h3
35. Ne2 Re4 36. Nf4 Bg7 37. b4 a5 38. bxa5 c5 39. dxc5 R4e5 40. Nxg6 Rd5+ 41.
Ke2 Ne4 42. Be1 Rxc5 43. Bb4 Rc6 44. Ne7+ Rxe7 45. Bxe7 Ng3+ 46. Kf3 Nxf1 47.
Rxf1 Bf6 48. Bxf6 Rxf6+ 49. Ke2 Rg6 50. Rh1 Rxg4 51. Rxh3 Ra4 52. Rh5 Rxa3 53.
Rb5 Kf8 54. Kf3 Ke8 55. Kf4 Kd8 56. e4 Kc7 57. Ke5 Kc6 58. Rd5 Ra4 59. Kf5 Rb4
60. Re5 Ra4 61. Kf6 Ra1 62. Rf5 Kc7 63. e5 Rxa5 64. Rf1 Ra2 65. e6 b5 66. e7 Re2
67. Kf7 Kc6 68. e8=Q+ Rxe8 69. Kxe8 Kc5 70. Kd7 b4 71. Ke6 b3 72. Ke5 Kc4 73.
Rf8 b2 74. Rb8 Kc3 75. Ke4 Kc2 76. Rxb2+ Kxb2 1/2-1/2

[Event "World Teams 2013"]
[Site "Antalya TUR"]
[Date "2013.12.02"]
[Round "6.5"]
[White "Areshchenko, Alexander"]
[Black "L'Ami, Erwin"]
[Result "1/2-1/2"]
[WhiteTitle "GM"]
[BlackTitle "GM"]
[WhiteElo "2720"]
[BlackElo "2648"]
[WhiteTeam "Ukraine"]
[BlackTeam "Netherlands"]
[WhiteFideId "14109530"]
[BlackFideId "1007998"]
[EventDate "2013.11.26"]

1. e4 e5 2. Nf3 Nc6 3. Bb5 Nf6 4. d3 Bc5 5. c3 O-O 6. O-O d6 7. h3 Ne7 8. d4 Bb6
9. Re1 Ng6 10. Bd3 Re8 11. Qc2 c6 12. Be3 h6 13. Nbd2 Nh7 14. Bf1 Ng5 15. Rad1
Qf6 16. Nxg5 hxg5 17. dxe5 dxe5 18. Bxb6 axb6 19. Nc4 b5 20. Nd6 Rd8 21. Nxc8
Raxc8 22. Be2 Ra8 23. Rxd8+ Qxd8 24. Rd1 Qe7 25. Bg4 Rd8 26. Rd2 Kf8 27. g3 Ke8
28. Rxd8+ Qxd8 29. Qb3 Qc7 30. Qa3 Qb8 31. Qc5 Nf8 32. c4 bxc4 33. Qxc4 Nh7 34.
b4 Nf6 35. Bd1 Qd6 36. Bb3 Qe6 37. Qc5 Qe7 38. Qa5 Kd7 39. Qa8 Kc7 40. Qa5+ Kb8
41. Bc2 Ne8 42. b5 cxb5 43. Qxb5 Nd6 44. Qd3 Qc7 45. Bb3 Qc5 46. Qf3 f6 47. Bd5
Ka7 48. Kg2 b5 49. Qg4 Qc7 50. Qe6 Kb6 51. Kf3 Kc5 52. Ba8 Qf7 53. Qxf7 Nxf7 54.
Kg4 Kd4 55. Kf5 Nd6+ 56. Kg6 Nxe4 57. Bxe4 Kxe4 58. Kxg7 Kf3 59. Kxf6 e4 60. Kf5
Kxf2 61. Kxe4 Kxg3 62. Kf5 Kxh3 63. Kxg5 b4 64. Kf4 Kh4 65. Ke5 Kg5 66. Kd6 Kf6
67. Kc5 Ke7 68. Kxb4 1/2-1/2

[Event "World Teams 2013"]
[Site "Antalya TUR"]
[Date "2013.12.03"]
[Round "7.1"]
[White "Korobov, Anton"]
[Black "Ezat, Mohamed"]
[Result "1-0"]
[WhiteTitle "GM"]
[BlackTitle "IM"]
[WhiteElo "2713"]
[BlackElo "2454"]
[WhiteTeam "Ukraine"]
[BlackTeam "Egypt"]
[WhiteFideId "14105730"]
[BlackFideId "10600906"]
[EventDate "2013.11.26"]

1. d4 Nf6 2. c4 g6 3. Nc3 Bg7 4. e4 d6 5. Nf3 O-O 6. h3 e5 7. d5 Na6 8. Bg5 h6
9. Be3 Nc5 10. Nd2 a5 11. g4 c6 12. Be2 Bd7 13. h4 a4 14. g5 hxg5 15. hxg5 Nh7
16. Rg1 Qa5 17. a3 cxd5 18. Nxd5 Rfe8 19. Qc2 Nf8 20. Qc3 Qd8 21. Bg4 Rc8 22.
O-O-O b5 23. Kb1 Nfe6 24. f3 Rb8 25. Bxe6 Nxe6 26. Rg2 Bc6 27. Nb4 Bd7 28. Nf1
Qe7 29. Nh2 Nf4 30. Rgd2 Qxg5 31. Rxd6 Be6 32. c5 Rbc8 33. Ng4 f5 34. Nf2 Qg2
35. c6 Qxf3 36. c7 Ne2 37. Qc6 Qxe3 38. Rxe6 Rf8 39. Rxg6 Nf4 40. Rxg7+ Kxg7 41.
Rg1+ Kf7 42. Qd7+ 1-0

[Event "World Teams 2013"]
[Site "Antalya TUR"]
[Date "2013.12.03"]
[Round "7.1"]
[White "Abdel Razik, Khaled"]
[Black "Moiseenko, Alexander"]
[Result "1/2-1/2"]
[WhiteTitle "IM"]
[BlackTitle "GM"]
[WhiteElo "2450"]
[BlackElo "2709"]
[WhiteTeam "Egypt"]
[BlackTeam "Ukraine"]
[WhiteFideId "10601104"]
[BlackFideId "14102560"]
[EventDate "2013.11.26"]

1. d4 Nf6 2. c4 e6 3. g3 Bb4+ 4. Bd2 a5 5. Bg2 d6 6. e4 e5 7. Ne2 O-O 8. O-O Re8
9. d5 Na6 10. Nbc3 c6 11. h3 cxd5 12. cxd5 Bc5 13. Kh2 Bd7 14. f4 b5 15. fxe5
Rxe5 16. Bf4 Rh5 17. Ng1 Bxg1+ 18. Kxg1 Bxh3 19. Bxh3 Rxh3 20. Qf3 Qd7 21. Rae1
Ng4 22. Nxb5 Nh2 23. Qe2 Nxf1 24. Rxf1 g5 25. Bxd6 Rh6 26. e5 Qh3 27. Qg2 Nb4
28. Qxh3 Rxh3 29. e6 fxe6 30. dxe6 Nc6 31. e7 Nxe7 32. Kg2 g4 33. Bxe7 Re8 34.
Rf4 Rh5 35. Rxg4+ Kf7 36. Nd6+ Kxe7 37. Nxe8 Kxe8 38. Kf3 Rh2 39. Re4+ Kf7 40.
Re2 Rh1 41. Re5 Rh2 42. Rb5 a4 43. a3 h5 44. Ke3 Kg6 45. Rb4 Kg5 46. Kf3 Rc2 47.
Rb5+ Kg6 48. Rb8 Kf5 49. Rb5+ Kg6 50. Rb7 Kf5 51. Rb4 Kg5 52. Rxa4 Rxb2 53. Rb4
Ra2 54. Rb5+ Kg6 55. Ra5 Rc2 56. Ra8 Rc4 57. a4 h4 58. gxh4 Rxh4 59. a5 Kg7 60.
a6 Rh6 61. Ke4 Re6+ 62. Kd5 Rf6 63. Kc5 Rf5+ 64. Kd4 Rf6 65. Ra7+ Kg8 66. Kd5
Rb6 67. Ra8+ Kg7 68. Ke5 Rc6 69. Kd4 Rd6+ 70. Kc5 Rf6 1/2-1/2

[Event "World Teams 2013"]
[Site "Antalya TUR"]
[Date "2013.12.03"]
[Round "7.1"]
[White "Kryvoruchko, Yuriy"]
[Black "Shoker, Samy"]
[Result "1-0"]
[WhiteTitle "GM"]
[BlackTitle "IM"]
[WhiteElo "2701"]
[BlackElo "2500"]
[WhiteTeam "Ukraine"]
[BlackTeam "Egypt"]
[WhiteFideId "14109182"]
[BlackFideId "627143"]
[EventDate "2013.11.26"]

1. e4 c5 2. Nf3 g6 3. d4 Bg7 4. dxc5 Qa5+ 5. Bd2 Qxc5 6. Nc3 Nf6 7. Be2 O-O 8.
O-O d6 9. Be3 Qc7 10. h3 b6 11. Nd4 Bb7 12. Bf3 Nbd7 13. g3 a6 14. Nd5 Qd8 15.
Bg2 e5 16. Ne2 Nxd5 17. exd5 b5 18. a4 Qc7 19. axb5 axb5 20. Qd3 Nc5 21. Qc3 Na6
22. Qd2 Rfc8 23. Nc3 Qd7 24. Ra5 Nc7 25. Rfa1 f5 26. Ra7 e4 27. Qd1 Rab8 28. Bf1
Be5 29. R1a5 Qf7 30. Nxb5 Qxd5 31. Qa1 Qf7 32. Qa3 Nxb5 33. Rxb5 h5 34. Qb4 Rc7
35. b3 Kh7 36. h4 Qg7 37. Rb6 d5 38. Bf4 Bxf4 39. gxf4 d4 40. Rd6 e3 41. Qxd4
Qxd4 42. Rxd4 exf2+ 43. Kh2 Re8 44. Rd2 Re1 45. Rxf2 Kh6 46. Bg2 Ree7 47. Rxb7
Rxb7 48. Bxb7 Rxb7 49. Rf3 Kg7 50. Kg2 Kf6 51. Rc3 Ke6 52. Kf3 Kd5 53. Rc8 Ra7
54. b4 Ra1 55. b5 Kd4 56. b6 Rf1+ 57. Ke2 Rb1 58. Rc6 Rb2 59. Kd2 Kd5 60. Rxg6
Ke4 61. Kc3 Rb1 62. Rd6 Rb5 63. Rd4+ Kf3 64. Rb4 Rc5+ 65. Kd4 Rxc2 66. b7 Rd2+
67. Ke5 1-0